Welcome to CU Library Online Public Access Catalogue (OPAC)

Business writing at its best / (Record no. 9696)

MARC details
000 -LEADER
fixed length control field 00603nam a2200205 a 4500
001 - CONTROL NUMBER
control field 3968259
005 - DATE AND TIME OF LATEST TRANSACTION
control field 20260428115232.0
008 - FIXED-LENGTH DATA ELEMENTS--GENERAL INFORMATION
fixed length control field 940524s1994 ilua b 000 0 eng
020 ## - INTERNATIONAL STANDARD BOOK NUMBER
International Standard Book Number 0256148554
020 ## - INTERNATIONAL STANDARD BOOK NUMBER
International Standard Book Number 9780256148558
050 00 - LIBRARY OF CONGRESS CALL NUMBER
Classification number HF5718.3
Item number .N45 1994b
082 00 - DEWEY DECIMAL CLASSIFICATION NUMBER
Classification number 808/.06665
Edition information 20
100 1# - MAIN ENTRY--PERSONAL NAME
Personal name Neiditz, Minerva Heller,
Dates associated with a name 1932-
245 10 - TITLE STATEMENT
Title Business writing at its best /
Statement of responsibility, etc. Minerva Neiditz.
260 ## - PUBLICATION, DISTRIBUTION, ETC.
Place of publication, distribution, etc. Burr Ridge, Ill. :
Name of publisher, distributor, etc. Irwin,
Date of publication, distribution, etc. c1994.
300 ## - PHYSICAL DESCRIPTION
Extent vi, 240 p. :
Other physical details ill. ;
Dimensions 25 cm.
650 #0 - SUBJECT ADDED ENTRY--TOPICAL TERM
Topical term or geographic name entry element Business writing.
650 #0 - SUBJECT ADDED ENTRY--TOPICAL TERM
Topical term or geographic name entry element English language
General subdivision Business English.
942 ## - ADDED ENTRY ELEMENTS (KOHA)
Source of classification or shelving scheme Library of Congress Classification
Koha item type Books
Suppress in OPAC No
999 ## -
-- 9696
-- 9696
Holdings
Withdrawn status Lost status Source of classification or shelving scheme Damaged status Not for loan Collection Home library Current library Shelving location Date acquired Total checkouts Full call number Barcode Date last seen Copy number Price effective from Koha item type
    Library of Congress Classification     Non-fiction Business Library (Miotso) Business Library (Miotso) General stacks 04/28/2026   HF5718.3 .N45 1994 BSSM00004012 04/28/2026 1 04/28/2026 Books
    Library of Congress Classification     Non-fiction Business Library (Miotso) Business Library (Miotso) General stacks 04/28/2026   HF5718.3 .N45 1994 BSSM00004013 04/28/2026 2 04/28/2026 Books
    Library of Congress Classification     Non-fiction Business Library (Miotso) Business Library (Miotso) General stacks 04/28/2026   HF5718.3 .N45 1994 BSSM00004014 04/28/2026 3 04/28/2026 Books
© 2023-2024 Copyright: Central University Libraries. All Rights Reserved | Created by: Mahone Tech Office